| 000 | 00590nam a2200181Ia 4500 | ||
|---|---|---|---|
| 008 | 100921s9999 xx 000 0 und d | ||
| 082 |
_b30200 _a891.463 थ 98 |
||
| 100 | _aराजे शैलजा. | ||
| 245 | _aशर्थ. | ||
| 260 |
_bमनोरमा प्रकाशन,मुंबई. _c1998 |
||
| 300 |
_a151 _bमयुरेष बुक एजन्सी,कराड |
||
| 365 | _b75 | ||
| 520 | _aललित-कादंबरी. | ||
| 630 | _aशर्थ. | ||
| 650 | _aललित-कादंबरी. | ||
| 730 | _aशर्थ. | ||
| 942 | _cBOOK | ||
| 999 |
_c779313 _d779310 |
||